000 00828nam a22002057a 4500
003 OSt
005 20170608093046.0
008 140214b2006 slv spa
040 _cBMC
082 _a624
100 1 _935715
_aMagaña Barrientos, Gustavo Alberto
245 1 0 _aPasantía en Obras S.A. de C.V.
_b: Informe final
_cGustavo Alberto Magaña Barrientos
260 _aSanta Ana (El Salvador)
_bUniversidad Católica de Occidente
_c2006
300 _a1 v. (pág. var.)
_c27 cm
_e+ 1 disco compacto
500 _aPrecede al tít.: Universidad Católica de Occidente, Facultad de Ingeniería y Arquitectura
502 _aPara optar al título de: Ingeniero cívil
650 2 4 _98218
_aIngeniería civil
710 2 _91166
_aUniversidad Católica de El Salvador
_bFacultad de Ingeniería y Arquitectura
942 _2ddc
_cTG
999 _c22039
_d22039